Nothing But Thieves - All songs discography - Statistics

General Stats
  • This quiz has been taken 191 times
  • The average score is 39 of 67
Answer Stats
Nothing But Thieves (2015) % Correct
Welcome to the DCC
91%
Amsterdam
90%
Broken Machine
90%
Graveyard Whistling
86%
Sorry
83%
Moral Panic
81%
Particles
81%
Impossible
77%
Overcome
77%
Is Everybody Going Crazy?
76%
Trip Switch
76%
Futureproof
74%
Soda
70%
Green Eyes :: Siena
69%
Tomorrow Is Closed
69%
Unperson
69%
I Was Just a Kid
67%
Pop the Balloon
67%
If I Get High
63%
Oh No :: He Said What?
61%
Ban All the Music
60%
Real Love Song
60%
Can You Afford to Be an Individual?
59%
Honey Whiskey
59%
Itch
59%
Live Like Animals
59%
Members Only
59%
Phobia
59%
Do You Love Me Yet?
57%
Number 13
57%
There Was Sun
57%
I'm Not Made by Design
56%
Lover, Please Stay
56%
Foreign Language
54%
Six Billion
54%
This Feels Like the End
54%
Before We Drift Away
53%
Ce n'est rien
53%
Excuse Me
53%
Forever & Ever More
53%
Gods
53%
Wake Up Call
53%
You Know Me Too Well
53%
Your Blood
53%
City Haunts
51%
Neon Brother
51%
Afterlife
50%
Hell, Yeah
50%
Keeping You Around
50%
Something On My Mind
50%
Drawing Pins
49%
Free If We Want It
49%
Hanging
49%
Time :: Fate :: Karma :: God
49%
If I Were You
47%
Reset Me
46%
Life's coming in slow
44%
Miracle, Baby
43%
Hostage
41%
Get Better
40%
Painkiller
40%
Pure You
40%
Talking to Myself
40%
Tempt You (Evocatio)
39%
Emergency
37%
Take This Lonely Heart
37%
Last Orders
34%
No matching quizzes found
Score Distribution
Percent of People with Each Score
Percentile by Number Answered
Your Score History
You have not taken this quiz